000 00631nam a2200205 4500
001 85507)
003 BD-RjUL
005 20250811130701.0
008 250811s195? pk ||||| |||| 00| 0 urd d
035 _a(BD-RjUL)85507)
040 _aBD-RjUL
_beng
_cBD-RjUL
041 _aurd
082 _223
_a297.090212
_bTAS 195?
100 _aتیمیہ ،امام آبن ;; Taymiyyah, Imam Ibn
_916564
245 _aسیآست آلہیہ ;; siyast Ialahia /
_cآمآم آبن تیمیه ;; Ibn Taymiyyah
264 _aLahore :
_bForugi Urdu,
_c195?
300 _a224 p. ;
_c18 cm
650 _aIslam
_vKhilafah
_916565
942 _2ddc
_cBK
999 _c85507
_d85507